| 000 | 00000nam##2200000za#4500 |
| 001 | 9.622981 |
| 003 | CaOODSP |
| 005 | 20240212134142 |
| 007 | ta |
| 008 | 150406|1994||||xxc||||| f|0| 0 fre|d |
| 020 | |a0-662-99536-8 |
| 022 | |a1713-0646 |
| 040 | |aCaOODSP|bfre |
| 043 | |an-cn--- |
| 086 | 1 |aNE22-1/1994-9F |
| 110 | 1 |aCanada. |bOffice national de l'énergie. |
| 245 | 10|aHydro-Québec : |bdemande présentée en date du 24 mai 1994 en vue d'obtenir un permis autorisant l'exportation d'électricité garantie et interruptible |
| 260 | |aCalgary - Alberta : |bOffice national de l'énergie |cDécembre 1994. |
| 300 | |avi, 29p. : |bfigure ; |c28 cm. |
| 490 | 1 |aMotifs de décision|x1713-0646 |
| 563 | |aCouverture souple |
| 775 | 08|tHydro-Québec : |w(CaOODSP)9.611650 |
| 776 | 0#|tMotifs de décision, Hydro-Québec : |w(CaOODSP)9.602812 |
| 830 | #0|aMotifs de décision (Canada. Office national de l'énergie)|x1713-0646|w(CaOODSP)9.513162 |